| 000 | 00368nam a2200157Ia 4500 | ||
|---|---|---|---|
| 005 | 20251020182601.0 | ||
| 008 | 200515s9999 xx 000 0 und d | ||
| 082 | _aSC/333.6(85)/P45 | ||
| 245 | 0 | _aTexto Ășnico de la Ley de reforma agraria | |
| 260 | _aLima | ||
| 260 | _c1971 | ||
| 300 | _a114 | ||
| 650 | _aLEGISLACION | ||
| 650 | _aREFORMA AGRARIA | ||
| 942 | _cLIB | ||
| 999 |
_c3042 _d3042 |
||